000 00898cam a2200229 4500
001 ##L134931
008 060911n2006 000 0 eng u
035 _a(Sirsi) u134931
041 0 _aeng
050 0 4 _a711.1 $2 18
100 1 _aVandergert, Paula
245 0 0 _aSustainable construction
_bthe social science research agenda
260 _aLondon School of Economics
_bCentre for Environmental Policy and Governance
_c2006
300 _a30p.
_c30cm.
520 _aDiscusses gaps in the research on sustainable construction which would benefit from further research from a social science perpective. Areas covered include policy, knowledge and evaluation.
590 _aIKA031006
651 4 _aUnited Kingdom
_y
690 _aBUILT ENVIRONMENT-SUSTAINABLE CONSTRUCTION
700 1 _aRydin, Yvonne
710 1 _aThe LSE Centre for Environmental Policy and Governance
_95024
942 _n0
999 _c105849
_d105849